Знание как стратегический ресурс власти и управления в постиндустриальном обществе; Философия социальной работы

Detaylı Bibliyografya
Parent link:Философия социальной работы.— 2003.— С. 64-66
Yazar: Чубик А. П. Анна Петровна
Dil:Rusça
Baskı/Yayın Bilgisi: 2003
Konular:
Materyal Türü: Kitap Bölümü
KOHA link:https://koha.lib.tpu.ru/cgi-bin/koha/opac-detail.pl?biblionumber=106514

MARC

LEADER 00000naa2a2200000 4500
001 106514
005 20231031114926.0
035 |a (RuTPU)RU\TPU\book\114977 
090 |a 106514 
100 |a 20061208d2003 k y0rusy50 ca 
101 0 |a rus 
102 |a RU 
200 1 |a Знание как стратегический ресурс власти и управления в постиндустриальном обществе  |f А. П. Чубик 
463 0 |0 (RuTPU)RU\TPU\book\62267  |t Философия социальной работы  |o труды II региональной научно-практической конференции, г. Томск  |f Томский политехнический университет; Под ред. А. А. Корниенко  |v С. 64-66  |d 2003  |p 148 с. 
610 1 |a стратегия 
610 1 |a власть 
610 1 |a управление 
610 1 |a постиндустриальное общество 
610 1 |a информационное общество 
610 1 |a знание 
610 1 |a труды учёных ТПУ 
700 1 |a Чубик  |b А. П.  |c аспирант Томского политехнического университета  |f 1980-  |g Анна Петровна  |2 stltpush  |3 (RuTPU)RU\TPU\pers\25448 
801 1 |a RU  |b 63413507  |c 20061208  |g PSBO 
801 2 |a RU  |b 63413507  |c 20110119  |g RCR 
942 |c BK